|
|
|
แสดงรายละเอียดบรรณานุกรม |
|
|
Brief Record
: Get Marc (ISO 2709)
: E-mail record
: |
|
|
DELETE FROM stat_globaluid WHERE id NOT IN ( SELECT id FROM ( SELECT id FROM stat_globaluid ORDER BY id DESC LIMIT 100 ) foo );mysqli: Duplicate entry '20140737158617' for key 'PRIMARY'
insert into stat_globaluid set statuid='20260629185103_3731', dt='1782733863', phpself='/ulib/dublinfull.php', agent='Mozilla/5.0 AppleWebKit/537.36 (KHTML, like Gecko; compatible; ClaudeBot/1.0; +claudebot@anthropic.com)', yea='2026', mon='6', dat='29', ip='61.19.32.209'
| LEADER 01174nam 2200277 a 4500 | |||
| 001 38708 | |||
| 003 ULIBM | |||
| 008 030417s2004 caua sb 001 0 eng | |||
| 020 ^a2.01.154984.1 | |||
| 082 ^a440^bC-F | |||
| 100 ^aCapelle, G. | |||
| 245 ^aFreguence jeunes/^cG. Capelle | |||
| 260 ^aParis:^bHachettelivre,^c1994 | |||
| 300 ^a160 page | |||
| 650 ^aภาษาฝรั่งเศส | |||
| 913 ^aImported by ULIBM Administrator | |||
| 949 ^aImport form external file by ULIBM system | |||
| คุณยังไม่ได้ล็อกอิน คุณสามารถมีกิจกรรมร่วมกับเว็บไซต์ได้ แต่ต้องล็อกอินก่อน :: |
|
| สถานะ | |||||||||
| 1. | หนังสือ | 440 C-F 2004 Barcode: 064889 | ►หนังสือทั่วไป | On Shelf ขอยืม | |||||
| 2. | หนังสือ | 440 C-F 2004 Barcode: 064890 | ►หนังสือทั่วไป | On Shelf ขอยืม | |||||
| 3. | หนังสือ | 440 C-F 2004 Barcode: 064891 | ►หนังสือทั่วไป | On Shelf ขอยืม | |||||
| 4. | หนังสือ | 440 C-F 2004 Barcode: 064892 | ►หนังสือทั่วไป | On Shelf ขอยืม | |||||
| 5. | หนังสือ | 440 C-F 2004 Barcode: 064893 | ►หนังสือทั่วไป | On Shelf ขอยืม | |||||
| 6. | หนังสือ | 440 C-F 2004 Barcode: 064894 | ►หนังสือทั่วไป | On Shelf ขอยืม | |||||
| 7. | หนังสือ | 440 C-F 2004 Barcode: 064895 | ►หนังสือทั่วไป | On Shelf ขอยืม | |||||
| 8. | หนังสือ | 440 C-F 2004 Barcode: 064896 | ►หนังสือทั่วไป | On Shelf ขอยืม | |||||
| 9. | หนังสือ | 440 C-F 2004 Barcode: 064897 | ►หนังสือทั่วไป | On Shelf ขอยืม | |||||
| 10. | หนังสือ | 440 C-F 2004 Barcode: 064898 | ►หนังสือทั่วไป | On Shelf ขอยืม | |||||
| 11. | หนังสือ | 440 C-F 2004 Barcode: 064899 | ►หนังสือทั่วไป | On Shelf ขอยืม | |||||
| 12. | หนังสือ | 440 C-F 2004 Barcode: 064900 | ►หนังสือทั่วไป | On Shelf ขอยืม | |||||
| | |||||||||

BibComment |
| คอมเมนท์ทรัพยากรรายการนี้ |
|
|
ห้องสมุดโรงเรียนสามัคคีวิทยาคม
159 ถ.บรรพปราการ ต.เวียง อ.เมือง จ.เชียงราย 57000
โทร. 053-711018 โทรสาร 053-713003